=LDR 00000nam 2200000 4500 =001 INLIS000000000026531 =005 20130612124951 =008 ***********************************ind** =035 ##$$0010-061300000026531 =041 ##$$a ind =082 ##$$a 388.312 =090 ##$$a 388.312, SUD p =100 ##$$a Sudarsono, Darmawan =245 ##$$a Petunjuk mengendarai kendaraan dengan aman dan mengenal masalah-masalah lalu lintas, Darmawan Soedarsono =260 ##$$a 1996 $b Jakarta =300 ##$$a xiii, 285 hlm., ilus., 21 cm =650 ##$$a Teknik lalu lintas =850 ##$$a NBPNMAT